[Event "Nord West Cup"]
[Site "Oldenburg"]
[Date "2000.02.10"]
[Round "1"]
[White "Klein, Nico"]
[Black "Tchetchelnitski, Boris"]
[Result "0-1"]
[WhiteElo "800"]
[BlackElo "2272"]
[PlyCount "62"]
[EventDate "2000.??.??"]
[EventType "swiss"]
[EventRounds "7"]
[EventCountry "GER"]
[SourceTitle "EXT 2002"]
[Source "ChessBase"]
[SourceDate "2001.11.25"]
[SourceVersion "1"]
[SourceVersionDate "2001.11.25"]
[SourceQuality "1"]

1. e4 e6 2. Bb5 c6 3. Ba4 d5 4. Nc3 b5 5. Bb3 b4 6. Na4 dxe4 7. Nc5 Bxc5 8. Qg4 Qf6 9. Nh3 Qg6 10. Qg3 Qxg3 11. fxg3 Nf6 12. d3 exd3 13. cxd3 e5 14. Ng5 0-0 15. Bd2 a5 16. 0-0-0 Bf5 17. Bc4 Nbd7 18. Rde1 h6 19. Nf3 Rfe8 20. Nh4 Bh7 21. Be3 Bd4 22. Bxd4 exd4 23. Rxe8+ Rxe8 24. a3 Re2 25. axb4 axb4 26. Kb1 Ne5 27. Rd1 Nxc4 28. Rc1 Bxd3+ 29. Ka2 Rxb2+ 30. Ka1 b3 31. Rxc4 Rb1# 0-1